000 00332 a2200157 4500
001 59756
020 _a9783423621724
040 _cAnchieta - Pituba
100 _aByng, Georgia
240 1 0 _aMolly Moon
_lpor
245 1 0 _aMolly Moon
300 _a363
362 0 _a2008
650 4 _aLiteratura juvenil em alemão
942 _cBK
999 _c59756
_d59756